| Tag |
First Indicator |
Second Indicator |
Subfields |
| LEADER |
00000pam a22000004a 4500 |
| 001 |
in00002017580 |
| 005 |
20151031154425.0 |
| 006 |
m u |
| 008 |
040607s2005 maua 001 0 eng |
| 010 |
|
|
|a 2004053860
|
| 020 |
|
|
|a 0750677309
|
| 035 |
|
|
|a (OCoLC)ocm55671903
|
| 040 |
|
|
|a DLC
|c DLC
|d YDX
|d TXA
|d UtOrBLW
|
| 042 |
|
|
|a pcc
|
| 049 |
|
|
|a TXAM
|
| 050 |
0 |
0 |
|a TK7874
|b .A595 2005
|
| 082 |
0 |
0 |
|a 005.1/4
|2 22
|
| 100 |
1 |
|
|a Andrews, Jason R.
|
| 245 |
1 |
0 |
|a Co-verification of hardware and software for ARM SoC design /
|c by Jason R. Andrews.
|
| 264 |
|
1 |
|a Burlington, MA :
|b Elsevier/Newnes,
|c [2005]
|
| 264 |
|
4 |
|c ©2005
|
| 300 |
|
|
|a xxiii, 260 pages :
|b illustrations ;
|c 24 cm. +
|e 1 CD-ROM (4 3/4 in.).
|
| 336 |
|
|
|a text
|b txt
|2 rdacontent
|
| 337 |
|
|
|a unmediated
|b n
|2 rdamedia
|
| 338 |
|
|
|a volume
|b nc
|2 rdacarrier
|
| 490 |
1 |
|
|a Embedded technology series
|
| 500 |
|
|
|a Accompanying CD-ROM contains all the sample code and a searchable version of the book.
|
| 500 |
|
|
|a Includes index.
|
| 650 |
|
0 |
|a Integrated circuits
|x Verification.
|
| 650 |
|
0 |
|a Computer software
|x Verification.
|
| 650 |
|
0 |
|a Systems on a chip.
|
| 830 |
|
0 |
|a Embedded technology series.
|
| 948 |
|
|
|a cataloged
|b h
|c 2004/12/17
|d c
|e mphillip
|f 6:35:04 pm
|
| 994 |
|
|
|a E0
|b TXA
|
| 999 |
|
|
|a MARS
|
| 999 |
f |
f |
|s 56e7b2a7-31c2-3c80-a400-ffb9472f5583
|i 15db5a25-d5fb-3769-8985-b4efcaec1fc2
|t 0
|
| 952 |
f |
f |
|p normal
|a Texas A&M University
|b College Station
|c Sterling C. Evans Library
|d Evans: Library Stacks
|t 0
|e TK7874 .A595 2005
|h Library of Congress classification
|i unmediated -- volume
|m A14831672366
|
| 998 |
f |
f |
|a TK7874 .A595 2005
|t 0
|l Evans: Library Stacks
|